LEADER 02633nam 2200649 a 450 001 9910453589403321 005 20200520144314.0 010 $a9786611897949 010 $a1-4462-1398-6 010 $a1-281-89794-9 010 $a1-84860-754-7 035 $a(CKB)1000000000551534 035 $a(EBL)370499 035 $a(OCoLC)476205662 035 $a(SSID)ssj0000144119 035 $a(PQKBManifestationID)11157639 035 $a(PQKBTitleCode)TC0000144119 035 $a(PQKBWorkID)10120057 035 $a(PQKB)11385586 035 $a(MiAaPQ)EBC370499 035 $a(OCoLC)313791587 035 $a(StDuBDS)EDZ0000072216 035 $a(Au-PeEL)EBL370499 035 $a(CaPaEBR)ebr10256979 035 $a(CaONFJC)MIL189794 035 $a(EXLCZ)991000000000551534 100 $a20120412d2007 fy 0 101 0 $aeng 135 $aur|n|---||||| 181 $ctxt 182 $cc 183 $acr 200 10$aEducation and care for adolescents and adults with autism$b[electronic resource] /$fKate Wall 210 $aLos Angeles, [Calif.] ;$aLondon $cSAGE$d2007 215 $a1 online resource (169 p.) 300 $aDescription based upon print version of record. 311 $a1-4129-2381-6 311 $a1-4129-2382-4 320 $aIncludes bibliographical references (p. 137-143) and index. 327 $aCover; Contents; Acknowledgements; Glossary of Terms; About the Author; 1 Introduction to this book; 2 Definitions and the current situation in education, health and social care; 3 Policy developments, legislation and guidance; 4 Understanding the world of autism; 5 Considering family issues; 6 Intervention programmes; 7 Appropriate provision in education; 8 Appropriate provision in care settings; Bibliography; Index 330 8 $aBy providing case studies and examples that show the reader how to put theory into practice in multidisciplinary settings, this book clearly explains how changes in policy and provision have affected the ways in which young people and adults with autism are cared for and educated. 606 $aAutism in adolescence 606 $aAutistic people$xCare 606 $aAutistic people$xEducation 608 $aElectronic books. 615 0$aAutism in adolescence. 615 0$aAutistic people$xCare. 615 0$aAutistic people$xEducation. 676 $a362.19685882 676 $a371.94 700 $aWall$b Kate$01026667 801 0$bStDuBDS 801 1$bStDuBDS 906 $aBOOK 912 $a9910453589403321 996 $aEducation and care for adolescents and adults with autism$92441694 997 $aUNINA LEADER 04871nam1 2200709 i 450 001 TO00569501 005 20251003044406.0 010 $a8845307832 020 $aIT$b2000-287s 100 $a19970620d1997 ||||0itac50 ba 101 | $aita 102 $ait 181 1$6z01$ai $bxxxe 182 1$6z01$an 200 1 $aˆIl ‰non profit dimezzato$fa cura di Giorgio Vittadini 210 $aMilano$cETASS libri$d1997 215 $aVII, 280 p.$d22 cm. 225 | $aEconomia$i. Economia aziendale 410 0$1001MIL0031951$12001 $aEconomia$i. Economia aziendale 464 1$1001CSA0130718$12001 $aˆLa ‰situazione italiana: una storia di non profit$fAlberto Cova$1700 1$aCova$b, Alberto$f <1932- >$3CFIV003102$4070 464 1$1001CSA0130719$12001 $aPrincipio di sussidiarietà e organizzazioni non profit nella dottrina sociale della chiesa$fGiorgio Feliciani$1700 1$aFeliciani$b, Giorgio$3CFIV014244$4070 464 1$1001CSA0130721$12001 $aˆil ‰non profit nella costituzione$fFabio Roversi Monaco $1700 1$aRoversi Monaco$b, Fabio A.$3CFIV010480$4070 464 1$1001CSA0130723$12001 $aˆIl ‰volontariato: un soggetto fondamentale del terzo settore italiano$fGiovanna Rossi e Lucia Boccacin$1701 1$aBoccacin$b, Lucia$3CFIV119588$4070$1700 1$aRossi$b, Giovanna$f <1944- >$3LIAV154156$4070 464 1$1001CSA0130724$12001 $aNon profit e fiscalità$fGiuseppe Pizzonia e Giulio Tremonti$1701 1$aTremonti$b, Giulio$3CFIV021817$4070$1700 1$aPizzonia$b, Giuseppe$3CSAV039165$4070 464 1$1001CSA0130725$12001 $aNon profit e gestione dei servizi per l'assistenza sanitaria$fAntonio Pagano e Camillo Rossi$1701 1$aRossi$b, Camillo$c $3CSAV039166$4070$1700 1$aPagano$b, Antonio$c $3VIAV096694$4070 606 $aServizio sociale volontario$2FIR$3CFIC003950$9I 606 $aEnti senza scopo di lucro$2FIR$3CFIC089132$9E 676 $a332.0945$9ECONOMIA FINANZIARIA IN ITALIA$v20 676 $a361.3$9SERVIZIO SOCIALE VOLONTARIO$v12 676 $a361.7$9PROBLEMI SOCIALI E ASSISTENZA SOCIALE. INTERVENTO PRIVATO$v20 676 $a361.763$9INTERVENTO SOCIALE DA PARTE DI ORGANIZZAZIONI SENZA SCOPO DI LUCRO$v23 676 $a361.7630945$9INTERVENTO SOCIALE DA PARTE DI ORGANIZZAZIONI SENZA SCOPO DI LUCRO. ITALIA$v19 676 $a361.7630945$9PROBLEMI SOCIALI E ASSISTENZA SOCIALE. ORGANIZZAZIONI SENZA SCOPO DI LUCRO. ITALIA$v20 676 $a361.7630945$9INTERVENTO SOCIALE DA PARTE DI ORGANIZZAZIONI SENZA SCOPO DI LUCRO. Italia$v21 696 $aOrganizzazioni no-profit$aOrganizzazioni nonprofit$aEnti del Terzo settore$aOrganizzazioni senza scopo di lucro$aAziende non profit$aOrganizzazioni non a scopo di lucro$aNon profit$aOrganizzazioni non profit$aOrganizzazioni non-profit$aEnti non profit$aEnti di Terzo settore$aTerzo settore $aAziende no profit$aOrganizzazioni del Terzo settore$aOrganizzazioni private senza scopo di lucro$aEnti no-profit 699 $aEnti senza scopo di lucro$yOrganizzazioni no-profit 699 $aEnti senza scopo di lucro$yOrganizzazioni nonprofit 699 $aEnti senza scopo di lucro$yEnti del Terzo settore 699 $aEnti senza scopo di lucro$yOrganizzazioni senza scopo di lucro 699 $aEnti senza scopo di lucro$yAziende non profit 699 $aEnti senza scopo di lucro$yOrganizzazioni non a scopo di lucro 699 $aEnti senza scopo di lucro$yNon profit 699 $aEnti senza scopo di lucro$yOrganizzazioni non profit 699 $aEnti senza scopo di lucro$yOrganizzazioni non-profit 699 $aEnti senza scopo di lucro$yEnti non profit 699 $aEnti senza scopo di lucro$yEnti di Terzo settore 699 $aEnti senza scopo di lucro$yTerzo settore 699 $aEnti senza scopo di lucro$yAziende no profit 699 $aEnti senza scopo di lucro$yOrganizzazioni del Terzo settore 699 $aEnti senza scopo di lucro$yOrganizzazioni private senza scopo di lucro 699 $aEnti senza scopo di lucro$yEnti no-profit 702 1$aVittadini$b, Giorgio$3TO0V260172 801 3$aIT$bIT-000000$c19970620 850 $aIT-BN0095 $aIT-NA0457 901 $bNAP BI$cSALA 5 $nLibri da 4151 in poi 901 $bNAP 01$cPOZZO LIB.$nVi sono collocati fondi di economia, periodici di ingegneria e scienze, periodici di economia e statistica e altri fondi comprendenti documenti di economia pervenuti in dono. 912 $aTO00569501 950 1$aBiblioteca Centralizzata di Ateneo$c1 v.$d 01POZZO LIB.ECON MON 7156$e 0101 0700222275E VMA 1 v. (Precedente collocazione 22 Ec 227)$fB $h20220801$i20220801 967 $n6 977 $a 01$a BI 996 $aNon profit dimezzato$9197744 997 $aUNISANNIO